Interfaith marriages in the name of love: Prospects for marital stability amongst a group of people of Indian origin in the Durban Metropolitan Area, South Africa (Record no. 102873)

000 -LEADER
fixed length control field 00517pab a2200169 454500
008 - FIXED-LENGTH DATA ELEMENTS--GENERAL INFORMATION
fixed length control field 180718b2013 xxu||||| |||| 00| 0 eng d
100 ## - MAIN ENTRY--PERSONAL NAME
Personal name Khan, Sultan
245 ## - TITLE STATEMENT
Title Interfaith marriages in the name of love: Prospects for marital stability amongst a group of people of Indian origin in the Durban Metropolitan Area, South Africa
260 ## - PUBLICATION, DISTRIBUTION, ETC.
Date of publication, distribution, etc. 2013
300 ## - PHYSICAL DESCRIPTION
Extent p.607-625.
362 ## - DATES OF PUBLICATION AND/OR SEQUENTIAL DESIGNATION
Dates of publication and/or sequential designation Oct-Dec
650 ## - SUBJECT ADDED ENTRY--TOPICAL TERM
Topical term or geographic name entry element Marriage
700 ## - ADDED ENTRY--PERSONAL NAME
Personal name Singh, Shanta B.
773 ## - HOST ITEM ENTRY
Main entry heading Man in India
908 ## - PUT COMMAND PARAMETER (RLIN)
Put command parameter N
909 ## -
-- 102875
Holdings
Withdrawn status Lost status Damaged status Not for loan Permanent Location Current Location Date acquired Serial Enumeration / chronology Barcode Date last seen Price effective from Koha item type
        Indian Institute of Public Administration Indian Institute of Public Administration 2018-07-19 Volume no: 93, Issue no: 4 AR103335 2018-07-19 2018-07-19 Articles

Powered by Koha